000 00746nam a2200241 i 4500
001 bg
100 1 _aMULAWKA, Jan Jerzy
245 1 0 _aSystemy ekspertowe /
_cJan J. Mulawka.
250 _aWyd.2.
260 _aWarszawa :
_bWydawnictwa Naukowo-Techniczne,
_c1997.
300 _a235, [1] s. :
_brys., wykr. ;
_c24 cm.
504 _aBibliogr. s. 224-230. - Indeks.
650 9 _aSystemy ekspertowe
655 _aPodręczniki akademickie
020 _a8320421969
040 _cBPK
041 0 _apl
080 _a004.891(075.8)
920 _a83-204-2196-9
942 _cKS
008 s pl f |000 0 pol
999 _c39382
_d39382
856 _uhttp://koha.tu.koszalin.pl/cgi-bin/koha/opac-detail.pl?biblionumber=39382
_yKatalog online BPK